Adam! /

Saved in:
Bibliographic Details
Main Author: Baker, Mike
Format: Book
Language:English
Published: London : Mills & Boon, 1977.
LEADER 00693nam a2200205 a 4500
001 c000272017
003 CARM
005 20070913115909.0
008 070913s1977 enk 000 1 eng d
019 1 |a 50074230  |5 LACONCORD2021 
020 |a 0263724964 (pbk.) 
035 |a (OCoLC)270835263  |5 LACONCORD2021 
040 |a VCAV  |b eng  |c VCAV 
100 1 |a Baker, Mike 
245 1 0 |a Adam! /  |c Mike Baker. 
260 |a London :  |b Mills & Boon,  |c 1977. 
300 |a 96 p. 
852 8 |b CARM  |h A1:AM19A0  |i A04810  |p 0374358  |f BK 
999 f f |i 0274461a-62c7-5f51-b8b7-de4c94715139  |s 8b67c92d-b47a-52cd-9f3f-256e6130ecf5 
952 f f |p Can circulate  |a CAVAL  |b CAVAL  |c CAVAL  |d CARM 1 Store  |e A04810  |f A1:AM19A0  |h Other scheme  |i book  |m 0374358